Rocket League Pro Players By Team - Statistics

General Stats
  • This quiz has been taken 542 times
  • The average score is 11 of 27
Answer Stats
Hint Answer % Correct
Monkey Moon Team BDS
83%
Zen Team Vitality
83%
Vatira Karmine Corp
82%
Alpha54 Team Vitality
70%
Ahmad Team Falcons
67%
Seikoo Team BDS
59%
Arsenal Spacestation Gaming
53%
Rise. Team BDS
47%
Radosinho Team Vitality
47%
Atow Team Liquid
45%
Lj Spacestation Gaming
44%
Acronic Team Liquid
39%
OKhaliD Team Falcons
38%
Firstkiller Faze Clan
35%
Exotiik Karmine Corp
35%
Atomic G2 Esports
26%
Chicago G2 Esports
26%
M7sn Rule One
26%
Hockser Spacestation Gaming
26%
Jknaps G2 Esports
24%
Reysbull Complexity Gaming
22%
Crr Complexity Gaming
21%
Drufinho Kru Esports
21%
Apparentlyjack Gen.G Mobil1 Racing
18%
Noly Gen.G Mobil1 Racing
15%
Sad Team Secret
15%
Motta Ninjas In Pyjamas
12%
No matching quizzes found
Score Distribution
Percent of People with Each Score
Percentile by Number Answered
Your Score History
You have not taken this quiz